=LDR 00000nam 2200000 4500 =001 NUTBA000000000003095 =005 20250604020410 =035 ##$$a 0010-071400000000283 =008 250604###########################0#ind## =020 ##$$a 978-602-17288-1-9 =040 ##$$a NBPDMAT =082 ##$$a 510 =090 ##$$a 510 $b Lis i =100 ##$$a Listya Nur Anggraeni =245 1#$$a Idola matematika : $b sari pati pilihan terlengkap matematika /$c Listya Nur Angraeni =250 ##$$a Cet. 1 =260 ##$$a Jogyakarta :$b Trans Idea Publishing,$c 2013 =300 ##$$a 228 hlm. ; $c 19 cm. =650 #4$$a Matematika =084 ##$$a 510 LIS i =990 ##$$a 21404202 =990 ##$$a 21404203 =990 ##$$a 21404204 =990 ##$$a 21404205 =990 ##$$a 21404206 =990 ##$$a 0001/BPAP-NTB/20142015 =990 ##$$a 21404203 =990 ##$$a 21404203 =990 ##$$a 21404203 =990 ##$$a 21404202 =990 ##$$a 21404202 =990 ##$$a 21404202 =990 ##$$a 21404204 =990 ##$$a 21404204 =990 ##$$a 21404204 =990 ##$$a 21404205 =990 ##$$a 21404205 =990 ##$$a 21404205 =990 ##$$a 21404206 =990 ##$$a 21404206 =990 ##$$a 21404206 =990 ##$$a 0001/BPAP-NTB/20142015 =990 ##$$a 0001/BPAP-NTB/20142015 =990 ##$$a 0001/BPAP-NTB/20142015